Bharat's systematic approach to cost accounting / (Record no. 163403)

MARC details
000 -LEADER
fixed length control field 00507nam a22001697a 4500
005 - DATE AND TIME OF LATEST TRANSACTION
control field 20190412174848.0
010 ## - LCCN (DPL NO)
LC control number B-055353
020 ## - INTERNATIONAL STANDARD BOOK NUMBER
International Standard Book Number 8177330411
Terms of availability 200.00
035 ## - SYSTEM CONTROL NUMBER
System control number B-055353
037 ## - SOURCE OF ACQUISITION
Source of stock number/acquisition Bharat Law House Pvt. Ltd.
082 ## - DEWEY DECIMAL CLASSIFICATION NUMBER
Classification number 657.42
100 ## - MAIN ENTRY--PERSONAL NAME
Personal name Agarwal, Raksh V.
245 ## - TITLE STATEMENT
Title Bharat's systematic approach to cost accounting /
Statement of responsibility, etc Rakesh V. Agarwal
260 ## - PUBLICATION, DISTRIBUTION, ETC. (IMPRINT)
Place of publication, distribution, etc New Delhi
Name of publisher, distributor, etc Bharat Law House Pvt. Ltd.
Date of publication, distribution, etc 2000
300 ## - PHYSICAL DESCRIPTION
Extent 531p.
Dimensions 24cm(pbk)
942 ## - ADDED ENTRY ELEMENTS (KOHA)
Source of classification or shelving scheme Dewey Decimal Classification
Item type English Books
Classification part 657.42
Call number suffix AGA
Holdings
Withdrawn status Lost status Not for loan Collection code Home library Current library Date acquired Full call number Barcode Koha item type
      Non-fiction Sarojini Nagar Sarojini Nagar 12/04/2019 657.42 AGA B-055353 English Books

© Delhi Public Library
Hit Counter
free hit counter